00406 a2200133 4500020001500000050002200015100003500037245005000072264007000122300001200192500001600204650004000220651001200260 a1920078921 aPR8771.0 BUT 2005 aButhelezi, Jabulani C.eauthor aDon't kill the farmer/cJabulani C. Buthelezi aGauteng, South AfricabKalahari Productions and Booksellersc2005 a170p. : aShort story aDon't kill the farmer-- Short story aAfrican